| 000 | 00921nam a2200241 i 4500 | ||
|---|---|---|---|
| 001 | 28958 | ||
| 003 | ES-MaACL | ||
| 005 | 20230910213430.0 | ||
| 007 | t| | ||
| 008 | 030120s1885 sp ||||1| spa d | ||
| 100 | 1 |
_aBalaguer, Víctor, _d1824-1901 _924806 |
|
| 245 | 1 | 4 |
_aLas ruinas de Poblet / _cpor Víctor Balaguer ; con un prólogo de Manuel Cañete. |
| 260 |
_aMadrid : _b[s.n.], _c1885 ( _fImp. y Fundición de Manuel Tello) |
||
| 300 |
_a397 p. ; _c17 cm. |
||
| 490 | 1 |
_aColección de escritores castellanos ; _v30 |
|
| 530 | _aDisponible en formato digital. | ||
| 610 | 2 | 4 |
_aMonasterio de Santa María de Poblet. _95752 |
| 700 | 1 |
_aCañete, Manuel, _d1822-1891 _934750 |
|
| 830 | 1 |
_aColección de escritores castellanos ; _v30 _9180741 |
|
| 852 |
_aES-MaACL _jF-12421 |
||
| 856 |
_uhttp://bdh-rd.bne.es/viewer.vm?id=0000204502&page=1 _zBiblioteca Digital Hispánica |
||
| 999 |
_c28958 _d28958 |
||